Who is a Sikh : (Record no. 64789)

MARC details
000 -LEADER
fixed length control field 00429nam a22001457a 4500
005 - DATE AND TIME OF LATEST TRANSACTION
control field 20180810151116.0
020 ## - INTERNATIONAL STANDARD BOOK NUMBER
International Standard Book Number 0198265484
Terms of availability 00.00
035 ## - SYSTEM CONTROL NUMBER
System control number A-410904, A-722177
037 ## - SOURCE OF ACQUISITION
Stock number DPL
Source of stock number/acquisition ENG
100 ## - MAIN ENTRY--PERSONAL NAME
Personal name McLeod, W.H.
245 ## - TITLE STATEMENT
Title Who is a Sikh :
Remainder of title The problem of Sikh identity /
Statement of responsibility, etc by W.H. McLeod
260 ## - PUBLICATION, DISTRIBUTION, ETC. (IMPRINT)
Place of publication, distribution, etc Delhi
Name of publisher, distributor, etc Clarendon Press - Oxford
Date of publication, distribution, etc 1989
300 ## - PHYSICAL DESCRIPTION
Extent 140p.
Dimensions 18 cms.
942 ## - ADDED ENTRY ELEMENTS (KOHA)
Source of classification or shelving scheme Dewey Decimal Classification
Item type English Books
Classification part 294.6
Call number suffix MCL
Holdings
Withdrawn status Lost status Not for loan Collection code Home library Current library Date acquired Cost, normal purchase price Full call number Barcode Cost, replacement price Koha item type Source of acquisition
      Non-fiction Sarojini Nagar Sarojini Nagar 09/04/2012 0.00 294.6 MCL A-410904 0.00 English Books  
      Non-fiction Shahdara Branch Shahdara Branch 10/08/2018 0.00 294.6 MCL A-722177 0.00 English Books BPPD/PUB

© Delhi Public Library
Hit Counter
free hit counter